Città che Iniziano con D - Top 10 - Statistics

Statistiche generali
  • Questo quiz è stato fatto 46 volte
  • Il punteggio medio è 3 su 10
Statistiche sulle risposte
Stato Città Popolazione % Corretto
🇮🇳 Delhi 10.927.986
93%
🇧🇩 Dacca 10.356.500
68%
🇸🇾 Damasco 1.569.394
45%
🇸🇳 Dakar 2.476.400
43%
🇹🇿 Dar es Salaam 2.698.652
14%
🇿🇦 Durban 3.120.282
14%
🇨🇳 Dalian 4.087.733
9%
🇰🇷 Daegu 2.566.540
5%
🇨🇳 Dongguan 8.000.000
5%
🇨🇲 Douala 1.338.082
5%
Nessun quiz corrispondente trovato
Distribuzione punteggi
Percentuale di utenti per punteggio
Percentile per numero di risposta
I tuoi punteggi nel tempo
Non hai fatto questo quiz